<?xml version="1.0" encoding="UTF-8"?>
<record
    xmlns:xsi="http://www.w3.org/2001/XMLSchema-instance"
    xsi:schemaLocation="http://www.loc.gov/MARC21/slim http://www.loc.gov/standards/marcxml/schema/MARC21slim.xsd"
    xmlns="http://www.loc.gov/MARC21/slim">

  <leader>01114nam2a22002411  4500</leader>
  <controlfield tag="001">RU\NLR\INFOCOMM16\ROSSICA\1000468770</controlfield>
  <controlfield tag="005">20250613185348.0</controlfield>
  <datafield tag="035" ind1=" " ind2=" ">
    <subfield code="a">(NLR Aleph) 009886298</subfield>
  </datafield>
  <datafield tag="090" ind1=" " ind2=" ">
    <subfield code="a">10497099</subfield>
    <subfield code="c">10497099</subfield>
  </datafield>
  <datafield tag="100" ind1=" " ind2=" ">
    <subfield code="a">20030703d1897    |||y0rusy50      ca</subfield>
  </datafield>
  <datafield tag="101" ind1="0" ind2=" ">
    <subfield code="a">fre</subfield>
  </datafield>
  <datafield tag="102" ind1=" " ind2=" ">
    <subfield code="a">RU</subfield>
  </datafield>
  <datafield tag="105" ind1=" " ind2=" ">
    <subfield code="a">y   ||||000ay</subfield>
  </datafield>
  <datafield tag="200" ind1="0" ind2=" ">
    <subfield code="a">I</subfield>
  </datafield>
  <datafield tag="210" ind1=" " ind2=" ">
    <subfield code="d">1897</subfield>
    <subfield code="a">&#x411;. &#x43C;.</subfield>
  </datafield>
  <datafield tag="461" ind1=" " ind2="0">
    <subfield code="1">001RU\NLR\INFOCOMM16\ROSSICA\1000468769</subfield>
    <subfield code="1">2001#$aCatalogue de l'Exposition Scandinave en 1897$fExpositions d'oeuvres d'artistes &#xE9;trangers &#xE0; la Soci&#xE9;t&#xE9; Imp&#xE9;riale d'encouragement des arts.Gr.Morskaia, 38, St.P&#xE9;tersbourg$vI</subfield>
    <subfield code="9">10497096</subfield>
    <subfield code="a">Expositions d'oeuvres d'artistes &#xE9;trangers. Soci&#xE9;t&#xE9; Imp&#xE9;riale d'encouragement des arts (St.P&#xE9;tersbourg)</subfield>
    <subfield code="c">&#x421;.&#x41F;&#x435;&#x442;&#x435;&#x440;&#x431;&#x443;&#x440;&#x433;&#x44A;</subfield>
    <subfield code="d">1897</subfield>
    <subfield code="f">Expositions d'oeuvres d'artistes &#xE9;trangers &#xE0; la Soci&#xE9;t&#xE9; Imp&#xE9;riale d'encouragement des arts.Gr.Morskaia, 38, St.P&#xE9;tersbourg</subfield>
    <subfield code="t">Catalogue de l'Exposition Scandinave en 1897</subfield>
    <subfield code="v">I</subfield>
  </datafield>
  <datafield tag="801" ind1=" " ind2="1">
    <subfield code="a">RU</subfield>
    <subfield code="b">InfoComm</subfield>
    <subfield code="c">20030703</subfield>
  </datafield>
  <datafield tag="801" ind1=" " ind2="0">
    <subfield code="a">RU</subfield>
    <subfield code="b">NLR</subfield>
    <subfield code="g">PSBO</subfield>
  </datafield>
  <datafield tag="852" ind1=" " ind2=" ">
    <subfield code="a">NLR</subfield>
    <subfield code="j">12.53a.12.256</subfield>
  </datafield>
  <datafield tag="942" ind1=" " ind2=" ">
    <subfield code="c">BOOK</subfield>
  </datafield>
  <datafield tag="980" ind1=" " ind2=" ">
    <subfield code="a">NB</subfield>
  </datafield>
  <datafield tag="980" ind1=" " ind2=" ">
    <subfield code="a">Rossica</subfield>
  </datafield>
  <datafield tag="995" ind1=" " ind2=" ">
    <subfield code="5">2013-10-26</subfield>
    <subfield code="b">NLR02</subfield>
    <subfield code="c">NLR02</subfield>
    <subfield code="e">IFS</subfield>
    <subfield code="f">9886298-10</subfield>
    <subfield code="k">12.53a.12.256</subfield>
    <subfield code="o">0</subfield>
    <subfield code="r">BOOK</subfield>
    <subfield code="s">1253A12256_</subfield>
  </datafield>
</record>
